00797nab a2200205 uc4500001000800000005001700008008004100025035001200066040001300078041000800091100006900099245012400168650002400292650003900316650003400355700005100389773012200440942001000562999001900572134648620240806090522.0131010e19961001 spa  a1346486 ccomduadb aspa10aPardavé Livia, Walter,d1966-4aut0(viaf)2266487eaut954007910aTratamientos de residuos y reciclaje de materiales mediante operaciones del procesamiento de minerales (continuación) 7aReciclaje2dcs9371 aProcesamiento de minerales9208070 aResiduos - Tratamiento95321610aVásquez Quintero, Custodio4auteaut95913810 tRevista Informetal (Medellín)gVolumen 18, Número 49, Octubre 1996-Marzo 1997, p. 16-22w195184x0122-1299084669 cARIMP c670667d670667